000
00214nam a22000857a 4500
008
170208b xxu||||| |||| 00| 0 eng d
100
_9
2804
_a
Singh.E.R.D
245
_a
The Life Story of B.P
260
_a
New Delhi
_b
BS
_c
2009
999
_c
6019
_d
6019